TEORIA DE LA DESCOLONIZACION: LAS DINAMICAS SOCIALES/

TRADUCCION DE: SENS ET PUISSANCE

Gorde:
Xehetasun bibliografikoak
Egile nagusia: Balandier, Georges (autor)
Formatua: Liburua
Saila:CRITICA IDEOLOGICA
Gaiak:
Etiketak: Etiketa erantsi
Etiketarik gabe, Izan zaitez lehena erregistro honi etiketa jartzen!

MARC

LEADER 00000nam^a2200000^a^4500
001 000224797
005 20250521000000.0
009 20260310104102.307
035 |a 043667 
037 |a Acervo Xavier Clavigero 
082 |a 325. 3  |b BAL 
100 |a Balandier, Georges  |e (autor) 
245 1 0 |a TEORIA DE LA DESCOLONIZACION:  |b LAS DINAMICAS SOCIALES/  |c GEORGES BALANDIER; TR. RAFAEL DI MURO 
264 |a BUENOS AIRES :  |b TIEMPO CONTEMPORANEO,  |c 1973 
300 |a 260p. 2ej. 
336 |a texto  |b txt  |2 rdacontenido 
337 |a sin mediación  |b n  |2 rdamedio 
338 |a volumen  |b nc  |2 rdasoporte 
440 |a CRITICA IDEOLOGICA 
520 |a TRADUCCION DE: SENS ET PUISSANCE 
649 |a XX 
650 |a Colonización 
650 |a Movilidad Social 
910 |a Fondo General 
920 |a Impresos - Libros 
930 |a Colección General 
905 |a 101 
901 |a 043667  |b IT1  |c ACC  |i 043667  |u 20250521 
901 |a 028407  |b IT1  |c ACC  |i 028407  |u 20250521 
902 |a https://opac.biblio.iteso.mx/vufind/Record/000224797